000 00901nam a22002417a 4500
999 _c65591
_d65591
005 20240530110833.0
008 190930s2006 ua a f b 000 0 ara d
017 _a2006/15819
_bمصر. دار الكتب
020 _a9770917117
040 _aEG-CaGPL
_cEG-CaGPL
082 _221
_a322.4
_bق/ س ج
100 0 _aسلوى محمد العوا
245 1 2 _aالجماعة الاسلامية المسلحة فى مصر (1974-2004 م) /
_cسلوى محمد العوا
250 _aط.1
260 _aالقاهرة :
_bمكتبة الشروق الدولية،
_c2006
300 _a248 ص. :
_bايض ؛
_c24 سم.
504 _aيشمل على ارجاعات ببليوجرافية
650 0 7 _2qrmak
_aالاسلام
_xالاصلاح السياسى
650 0 7 _aالجماعات الاسلامية
651 _2qrmak
942 _2ddc
_cBK